000 00958nam a2200289Ia 4500
005 20220622145852.0
008 210716s2009 xx 000 0 und d
020 _a9788120335219
040 _cAIMIT LIBRARY
041 _aeng
082 _a005.82
_21
_bPACV
100 _aPachghare, V K.
_944501
245 _aCryptography and information security /
_cBy V. K.Pachghare
250 _a1st ed. ;
_bEastern Economy Edition.
260 _aNew Delhi :
_bPHI Learning Pvt Ltd. ,
_c2009.
300 _axvi, 367p.
_bPB
_c23.5 cm.
650 _aCryptography-Data encryption
_944502
650 _aData Encryption Techniques
_944503
650 _aSymmetric Ciphers
_944504
650 _aNumber Theory
_944505
650 _aPublic Key Cryptosystems
_944506
650 _aKey Management
_944507
650 _aDigital Signatures
_944508
650 _aElectronic Mail Security
_944509
650 _aMalicious Security
_944510
942 _2ddc
_cBK
_e1st
_k005.82 PACV
999 _c189186
_d189186